000 00290nam a2200109Ia 4500
005 20251222143233.0
008 251222s9999||||xx |||||||||||||| ||spa||
082 _a509.85/I49
245 0 _aIndicadores de Ciencia, Tecnología e Innovación Tecnológica:
264 _bCONCYTEC
942 _cLIB
999 _c14288
_d14288